=LDR 00000nam 2200000 4500 =001 INLIS000000000020550 =005 20180409030534 =035 ##$$a 0010-061300000020550 =008 180409###########################0#ind## =041 ##$$a Ind =082 ##$$a 362.5 =090 ##$$a 362.5, Rem k =100 ##$$a Remi, Sutyastie Sumitro =245 1#$$a Kemiskinan dan ketidak merataan di Indonesia (suatu analisis awal), /$c oleh Sutyastie Sumitro Remi =260 ##$$a Jakarta :$b Rineka Cipta,$c 2002 =300 ##$$a viii, 134 hlm, ilus, 21 cm =650 ##$$a Kemiskinan =850 ##$$a NBPNMAT =020 ##$$a 979-518-856-9 =084 ##$$a 362.5 REM k =990 ##$$a 3621736217 =990 ##$$a 20613576